| 000 | 01629nam a2200409 i 4500 | ||
|---|---|---|---|
| 001 | 137139 | ||
| 003 | FlNmELB | ||
| 005 | 20241217181107.0 | ||
| 006 | m o u | ||
| 007 | cr cn||||||||| | ||
| 008 | 190210s2018 sp o 000 0 spa d | ||
| 020 | _z9788490128787 | ||
| 020 | _a9788490128794 (e-book) | ||
| 040 |
_aFINmELB _bspa _erda _cFINmELB |
||
| 050 | 1 | 4 |
_aPQ6653.O39 _bM533 2018 |
| 080 | _a821.134.2-14 | ||
| 082 | 0 | 4 |
_a861.64 _223 |
| 245 | 0 | 0 |
_aMemoria, verdad y belleza : _bel universo poético de Antonio Colinas / _cMaría Sánchez-Pérez (ed.). |
| 264 | 1 |
_aSalamanca : _bEdiciones Universidad de Salamanca, _c2018. |
|
| 300 | _a1 recurso en línea (112 páginas) | ||
| 336 |
_atexto _btxt _2rdacontent/spa |
||
| 337 |
_acomputadora _bc _bc _2rdamedia/spa |
||
| 338 |
_arecurso en línea _bcr _2rdacarrier/spa |
||
| 490 | 1 |
_aBiblioteca de América ; _v58 |
|
| 588 | _aDescripción basada en recurso en línea; título de la página del título en PDF (elibro, visto el 10 de febrero de 2019). | ||
| 590 | _aRecurso electrónico. Santa Fe, Arg.: e-libro, 2019. Disponible vía World Wide Web. El acceso puede estar limitado para las bibliotecas afiliadas a e-libro. | ||
| 600 | 1 | 0 |
_aColinas, Antonio, 1946- _xCriticism and interpretation. |
| 650 | 4 | _aLiteratura europea. | |
| 650 | 4 | _aCrítica literaria. | |
| 651 | 4 | _aEspaña. | |
| 655 | 4 | _aLibros electrónicos. | |
| 700 | 1 |
_aSánchez-Pérez, María, _eeditor. |
|
| 797 | 2 | _ae-libro, Corp. | |
| 830 | 0 |
_aBiblioteca de América ; _v58. |
|
| 035 | _a(OCoLC)1105857073 | ||
| 856 | 4 | 0 | _uhttps://elibro.net/ereader/politecnicointernacional/55915 |
| 999 |
_c137139 _d137139 |
||